<?xml version="1.0" encoding="UTF-8"?><marc:collection xmlns:marc="http://www.loc.gov/MARC21/slim">
  <marc:record>
    <marc:leader>00000nam  2200000za 4500</marc:leader>
    <marc:controlfield tag="001">9.859746</marc:controlfield>
    <marc:controlfield tag="003">CaOODSP</marc:controlfield>
    <marc:controlfield tag="005">20250206125414</marc:controlfield>
    <marc:controlfield tag="007">cr |||||||||||</marc:controlfield>
    <marc:controlfield tag="008">180727s2018    onc     o    f000 0 pan d</marc:controlfield>
    <marc:datafield tag="040" ind1=" " ind2=" ">
      <marc:subfield code="a">CaOODSP</marc:subfield>
      <marc:subfield code="b">fre</marc:subfield>
    </marc:datafield>
    <marc:datafield tag="043" ind1=" " ind2=" ">
      <marc:subfield code="a">n-cn---</marc:subfield>
    </marc:datafield>
    <marc:datafield tag="086" ind1="1" ind2=" ">
      <marc:subfield code="a">A104-143/6-2018Pan-PDF</marc:subfield>
      <marc:subfield code="z">A104-143/6-2018Pu-PDF</marc:subfield>
    </marc:datafield>
    <marc:datafield tag="245" ind1="0" ind2="0">
      <marc:subfield code="a">[Fiche d'information - traçabilité] </marc:subfield>
      <marc:subfield code="h">[ressource électronique] : </marc:subfield>
      <marc:subfield code="b">[Règlement sur la salubrité des aliments au Canada].</marc:subfield>
    </marc:datafield>
    <marc:datafield tag="246" ind1="1" ind2="3">
      <marc:subfield code="a">Traceability</marc:subfield>
    </marc:datafield>
    <marc:datafield tag="246" ind1="1" ind2="3">
      <marc:subfield code="a">Safe Food for Canadians Regulations - SFCR</marc:subfield>
    </marc:datafield>
    <marc:datafield tag="250" ind1=" " ind2=" ">
      <marc:subfield code="a">[Édition punjabi].</marc:subfield>
    </marc:datafield>
    <marc:datafield tag="260" ind1=" " ind2=" ">
      <marc:subfield code="a">[Ottawa] : </marc:subfield>
      <marc:subfield code="b">Agence canadienne d'inspection des aliments, </marc:subfield>
      <marc:subfield code="c">[2018]</marc:subfield>
    </marc:datafield>
    <marc:datafield tag="300" ind1=" " ind2=" ">
      <marc:subfield code="a">[2] p.</marc:subfield>
    </marc:datafield>
    <marc:datafield tag="500" ind1=" " ind2=" ">
      <marc:subfield code="a">Titre français fourni par l’éditeur.</marc:subfield>
    </marc:datafield>
    <marc:datafield tag="500" ind1=" " ind2=" ">
      <marc:subfield code="a">Aussi publié en français sous le titre : Fiche d'information - traçabilité : Règlement sur la salubrité des aliments au Canada.</marc:subfield>
    </marc:datafield>
    <marc:datafield tag="500" ind1=" " ind2=" ">
      <marc:subfield code="3">Publié aussi en anglais, arabe, chinois simplifié, chinois traditionnel, allemand, hindi, portugais, espagnol, thaï et turc.</marc:subfield>
    </marc:datafield>
    <marc:datafield tag="520" ind1=" " ind2=" ">
      <marc:subfield code="a">La traçabilité est la capacité de retracer les déplacements d'un aliment ou d’un produit alimentaire une étape en amont et une étape en aval. Aux termes du Règlement sur la salubrité des aliments au Canada (RSAC), de nouvelles exigences en matière de traçabilité s'appliqueront à la plupart des entreprises alimentaires qui exercent l'une des activités suivantes: importer des aliments; exporter des aliments; distribuer ou expédier des produits alimentaires dans plus d’une province ou d’un territoire; fabriquer, transformer, traiter, conserver, classifier, entreposer, emballer ou étiqueter des aliments exportés ou expédiés dans plus d’une province ou d’un territoire; cultiver et récolter des fruits ou légumes frais exportés ou expédiés dans plus d’une province ou d’un territoire; abattre des animaux pour alimentation humaine dont les produits de viande sont exportés ou expédiés dans d’une province ou d’un territoire; entreposer et manipuler des produits de viande comestibles dans leur état d'importation aux fins d'inspection par l'Agence canadienne d'inspection des aliments (ACIA); vendre des aliments aux consommateurs au détail qui devront être retracés en amont, mais non en aval jusqu'au consommateur.</marc:subfield>
    </marc:datafield>
    <marc:datafield tag="546" ind1=" " ind2=" ">
      <marc:subfield code="a">Texte en punjabi.</marc:subfield>
    </marc:datafield>
    <marc:datafield tag="692" ind1="0" ind2="7">
      <marc:subfield code="2">gccst</marc:subfield>
      <marc:subfield code="a">Salubrité des aliments</marc:subfield>
    </marc:datafield>
    <marc:datafield tag="692" ind1="0" ind2="7">
      <marc:subfield code="2">gccst</marc:subfield>
      <marc:subfield code="a">Règlements</marc:subfield>
    </marc:datafield>
    <marc:datafield tag="692" ind1="0" ind2="7">
      <marc:subfield code="2">gccst</marc:subfield>
      <marc:subfield code="a">Transformation des aliments</marc:subfield>
    </marc:datafield>
    <marc:datafield tag="710" ind1="2" ind2=" ">
      <marc:subfield code="a">Agence canadienne d'inspection des aliments.</marc:subfield>
    </marc:datafield>
    <marc:datafield tag="775" ind1="0" ind2="8">
      <marc:subfield code="t">Fiche d'information - traçabilité </marc:subfield>
      <marc:subfield code="w">(CaOODSP)9.859729</marc:subfield>
    </marc:datafield>
    <marc:datafield tag="791" ind1=" " ind2=" ">
      <marc:subfield code="t">[Fact sheet - traceability] </marc:subfield>
      <marc:subfield code="e">eng</marc:subfield>
      <marc:subfield code="w">(CaOODSP)9.859743</marc:subfield>
    </marc:datafield>
    <marc:datafield tag="856" ind1="4" ind2="0">
      <marc:subfield code="q">PDF</marc:subfield>
      <marc:subfield code="s">132 Ko</marc:subfield>
      <marc:subfield code="u">https://publications.gc.ca/collections/collection_2018/acia-cfia/A104-143-6-2018-pan.pdf</marc:subfield>
    </marc:datafield>
  </marc:record>
</marc:collection>
